Aux marges de l'Europe, l'Ukraine (notice n° 1636401)

détails MARC
000 -LEADER
fixed length control field 02073cam a2200193 4500500
005 - DATE AND TIME OF LATEST TRANSACTION
control field 20260111145746.0
041 ## - LANGUAGE CODE
Language code of text/sound track or separate title fre
042 ## - AUTHENTICATION CODE
Authentication code dc
100 10 - MAIN ENTRY--PERSONAL NAME
Personal name Cuisenier, Jean
Relator term author
245 00 - TITLE STATEMENT
Title Aux marges de l'Europe, l'Ukraine
260 ## - PUBLICATION, DISTRIBUTION, ETC.
Date of publication, distribution, etc. 2004.<br/>
500 ## - GENERAL NOTE
General note 70
520 ## - SUMMARY, ETC.
Summary, etc. RésuméDe sa tournée en Afrique en 1998, la compagnie de danse contemporaine Mathilde Monnier rapporte des objets glanés sur les marchés artisanaux et dans les boutiques d’antiquités des différents pays traversés. L’analyse des relations de ses membres à ces objets, désormais intégrés à leur univers domestique, montre qu’à travers cette altérité à domicile, c’est en fait eux-mêmes qu’ils observent et exposent. Des objets exotiques comme miroir, support d’expression intime, et transfert.
520 ## - SUMMARY, ETC.
Summary, etc. From its 1998 Africa tour the contemporary dance company Mathilde Monnier brought back traditional objects bought on markets and in antique shops of the different countries crossed. The analysis of its members’ relations to these objects, integrated from now on in their home world, shows in fact that through this alterity at home it is themselves that they observe and display. Exotic objects are used as mirrors, media of intimate expression and transfer.
520 ## - SUMMARY, ETC.
Summary, etc. ZusammenfassungVon seiner 1998 Tournee in Afrika brachte das zeitgenössische Tanzensemble Mathilde Monnier Gegenstände zurück, die auf Märkten und in Antiquitätengeschäften der verschiedenen durchquerten Länder gekauft worden waren. Die Analysis der Verhältnisse seiner Mitglieder zu diesen Gegenständen, die von un an in ihrer Hauswelt integriert sind, zeigt, dass durch diese Alterität zu Hause sie sich tatsächlich betrachten und darstellen. Exotische Objekte dienen als Spiegel, media des intimen Ausdrucks und Übertragungen.
700 10 - ADDED ENTRY--PERSONAL NAME
Personal name Conte, Francis
Relator term author
786 0# - DATA SOURCE ENTRY
Note Ethnologie française | 34 | 2 | 2004-06-01 | p. 199-206 | 0046-2616
856 41 - ELECTRONIC LOCATION AND ACCESS
Uniform Resource Identifier <a href="https://shs.cairn.info/revue-ethnologie-francaise-2004-2-page-199?lang=fr&redirect-ssocas=7080">https://shs.cairn.info/revue-ethnologie-francaise-2004-2-page-199?lang=fr&redirect-ssocas=7080</a>

Pas d'exemplaire disponible.

PLUDOC

PLUDOC est la plateforme unique et centralisée de gestion des bibliothèques physiques et numériques de Guinée administré par le CEDUST. Elle est la plus grande base de données de ressources documentaires pour les Étudiants, Enseignants chercheurs et Chercheurs de Guinée.

Adresse

627 919 101/664 919 101

25 boulevard du commerce
Kaloum, Conakry, Guinée

Réseaux sociaux

Powered by Netsen Group @ 2025